| Tag |
First Indicator |
Second Indicator |
Subfields |
| LEADER |
00000cam a2200000 a 4500 |
| 001 |
in00000786708 |
| 005 |
20160220063325.0 |
| 008 |
890410s1989 nyua b 10100 eng |
| 010 |
|
|
|a 89033430
|
| 020 |
|
|
|a 0306432129
|
| 035 |
|
|
|a (OCoLC)19670582
|
| 035 |
|
|
|9 ADM8248AM
|
| 040 |
|
|
|a DLC
|c DLC
|d TXA
|d UtOrBLW
|
| 049 |
|
|
|a TXAM
|c [A12446641]
|
| 050 |
0 |
0 |
|a TP156.E6
|b P76 1989
|
| 082 |
0 |
|
|a 541.3/4514
|2 20
|
| 245 |
0 |
0 |
|a Progress in microemulsions /
|c edited by S. Martellucci and A.N. Chester.
|
| 264 |
|
1 |
|a New York :
|b Plenum Press,
|c [1989]
|
| 264 |
|
4 |
|c ©1989
|
| 300 |
|
|
|a x, 290 pages :
|b illustrations ;
|c 26 cm.
|
| 336 |
|
|
|a text
|b txt
|2 rdacontent
|
| 337 |
|
|
|a unmediated
|b n
|2 rdamedia
|
| 338 |
|
|
|a volume
|b nc
|2 rdacarrier
|
| 490 |
1 |
|
|a Ettore Majorana international science series. Physical sciences ;
|v v. 41
|
| 500 |
|
|
|a "Based on the proceedings of the International School of Quantum Electronics Workshop on Progress in Microemulsions, held October 26-November 1, 1985, in Erice, Italy"--Title page verso.
|
| 504 |
|
|
|a Includes bibliographical references and index.
|
| 650 |
|
0 |
|a Emulsions
|v Congresses.
|
| 700 |
1 |
|
|a Martellucci, S.
|
| 700 |
1 |
|
|a Chester, A. N.
|
| 711 |
2 |
|
|a International School of Quantum Electronics Workshop on Progress in Microemulsions
|d (1985 :
|c Erice, Italy)
|
| 830 |
|
0 |
|a Ettore Majorana international science series.
|p Physical sciences ;
|v v. 41.
|
| 999 |
|
|
|a MARS
|
| 999 |
f |
f |
|s 904e5203-4611-3a4e-8319-0d5fad5d860d
|i 22b08491-d864-3d1b-af2b-2d31cc0e86ee
|t 0
|
| 952 |
f |
f |
|p ric
|a Texas A&M University
|b Rellis Campus
|c Joint Library Facility
|d Remote Storage
|t 0
|e TP156.E6 P76 1989
|h Library of Congress classification
|i unmediated -- volume
|m A14812446641
|
| 998 |
f |
f |
|a TP156.E6 P76 1989
|t 0
|l Remote Storage
|